Slepá cesta k liehu

Od 1. 5. 2004 musí byť každý, kto predáva alkohol, zaregistrovaný na colnom úrade a musí vykazovať, koľko alkoholu vyrobil, kúpil a predal. Výkazníctvo robia veľkoplošné predajne aj malé bufety.

Guardado en:
Detalles Bibliográficos
Autor principal: Hinková-Dibarborová, Andrea
Formato: Capítulo de libro
Lenguaje:eslovaco
Materias:
Etiquetas: Agregar Etiqueta
Sin Etiquetas, Sea el primero en etiquetar este registro!

MARC

LEADER 00000naa$a2200000$$$4500
001 0017742
005 20231107125341.6
041 0 |a slo 
044 |a SK 
245 1 0 |a Slepá cesta k liehu  |c aut. Andrea Hinková-Dibarborová 
520 |a Od 1. 5. 2004 musí byť každý, kto predáva alkohol, zaregistrovaný na colnom úrade a musí vykazovať, koľko alkoholu vyrobil, kúpil a predal. Výkazníctvo robia veľkoplošné predajne aj malé bufety. 
610 2 0 |a nápoje alkoholické 
610 2 0 |a predaj 
610 2 0 |a úrady colné 
610 2 0 |a evidencia 
100 1 |a Hinková-Dibarborová, Andrea